000 00424nam a2200157 4500
001 126883
003 ES-MaACL
007 t|
008 070214s1999 sp r ||||1| spa d
100 1 _aRey, José.
_996499
245 1 3 _aEl caso REACE
_b: las salpicaduras de aceite /
_cJosé Rey.
250 _a2ª. ed.
260 _aBarcelona :
_bDopesa,
_c1974.
300 _a207 p. ;
_c20 cm.
852 _aES-MaACL
_jE-6903
_bR.91250
999 _c126883
_d126883